| 000 | 00726nam a2200265Ia 4500 | ||
|---|---|---|---|
| 001 | Para_4968 | ||
| 003 | CHAP | ||
| 008 | 220125s1917 xx 000 0 und d | ||
| 010 | _a203427 | ||
| 040 | _cCHAP | ||
| 090 | _aPA FOLLETO 2329 | ||
| 100 |
_aGarman, H _946905 |
||
| 245 |
_aA bean disease introduced in diseased seeds / _c H. Garman |
||
| 260 |
_aLexington : _b University of Kentucky |
||
| 300 | _ap. 92-95 | ||
| 440 |
_aKentucky Agr. Exp. Sta. Circular; 16 _9169201 |
||
| 650 |
_aEjote _x Enfermedades _936069 |
||
| 901 | _aPA FOLLETO 2329 | ||
| 902 | _aA | ||
| 905 | _a0000001917 LEX 0000000000 00 | ||
| 910 | _a1917 | ||
| 942 | _cPARA | ||
| 942 |
_cPARA _d1 |
||
| 999 |
_c203427 _d203427 |
||